Status familiae: festschrift für Andreas Wacke zum 65. Geburtstag am 28. April 2001
Guardat en:
| Autors principals: | , |
|---|---|
| Format: | Llibre |
| Idioma: | alemany anglès francès espanyol |
| Publicat: |
Múnich
C.H. Beck
2001
|
| Matèries: | |
| Etiquetes: |
Afegir etiqueta
Sense etiquetes, Sigues el primer a etiquetar aquest registre!
|
MARC
| LEADER | 00000nam a2200000 a 4500 | ||
|---|---|---|---|
| 001 | UCK4945 | ||
| 003 | CL-VaPUC | ||
| 008 | 050701e20010000GW |||||||||||||||||ger|d | ||
| 020 | |a 3406477968 | ||
| 041 | 0 | 7 | |a ger |2 CL-VaPUC |
| 041 | 0 | 7 | |a eng |2 CL-VaPUC |
| 041 | 0 | 7 | |a fre |2 CL-VaPUC |
| 041 | 0 | 7 | |a spa |2 CL-VaPUC |
| 082 | 0 | 4 | |a 340.54 |b KNO |2 21 |
| 100 | 0 | |a Knothe, Hans-Georg |e author |9 493582 | |
| 700 | 0 | |a Kohler, Jürgen |e author |9 493583 | |
| 245 | 1 | 0 | |a Status familiae: festschrift für Andreas Wacke zum 65. Geburtstag am 28. April 2001 |
| 300 | |a 574 P | ||
| 942 | |c BK | ||
| 945 | |d 20050701 00:00:00 |a jcarroza | ||
| 260 | |a Múnich |b C.H. Beck |c 2001 | ||
| 600 | 0 | 7 | |a WACKE, ANDREAS |2 CL-VaPUC |9 493584 |
| 650 | 0 | |a Derecho romano |9 255930 | |
| 650 | 0 | |a Derecho de familia |9 255603 | |
| 583 | |a last modification |c 20050701 00:00:00 |k Rodrigo Vera | ||
| 999 | |c 313650 |d 313648 | ||
| 952 | |0 0 |1 0 |4 0 |6 340_540000000000000_KNO_2001 |7 0 |8 DER_ROM |9 385126 |a BIBDER |b BIBDER |d 2019-11-22 |i 4140931 |o 340.54 KNO 2001 |p 4140931 |r 2023-01-25 |w 2019-11-22 |x Ubicación 4to piso |y BK |z Este recurso debe solicitarse con anticipación |k DER | ||